| 000 | 00484nam a2200157 a 4500 | ||
|---|---|---|---|
| 001 | 000027599 | ||
| 005 | 20240307073942.0 | ||
| 008 | 110401s1995 dr a 000 0 spa d | ||
| 040 |
_aDO-SdBNP _bspa _cBNPHU |
||
| 100 | 1 |
_aMendoza de Zid, Leticia _954692 |
|
| 245 | 1 | 0 |
_aQuímica general : _bde laboratorio / _cLeticia Mendoza de Zid. |
| 260 |
_aSanto Domingo : _bIntec, _c1995. |
||
| 300 |
_a55 p. ; _c28 cm. |
||
| 049 | _aBNPD | ||
| 710 | 2 |
_aInstituto Tecnológico de Santo Domingo _978911 |
|
| 999 |
_c27091 _d27091 |
||